000 00548nam a22001931a 4500
001 7351
003 OSt
005 20260204212127.0
008 071023s2004||||ag ||||||b||||||||||spa||
020 _a9508921765
050 _a370.15 Q36e
100 _aQuerol, Silvia Mabel
245 _aEvaluación psicológica en educación: aplicación del test "La persona bajo la lluvia" / Silvia Mabel Querol
264 _aArgentina : Lugar
300 _a70 p
500 _aIncluye bibliografía
650 _aEducación - PsicológicaÌ
942 _2ddc
_cBK
999 _c7351
_d7351